| 000 | 02282nam#a22008175a#4500 | ||
|---|---|---|---|
| 001 | 2103 | ||
| 008 | 130527s2011####ag#a###g######001#0#spa#d | ||
| 245 | 1 | 0 |
_aFísica 4 ES : _bla energía / _cFederico Taddei, Cecilia Sobico y Raúl Righini ; coordinado por Federico Taddei. |
| 250 | _a1ª ed. | ||
| 260 |
_aSan Isidro : _bEstrada, _c2011. |
||
| 300 |
_a208 p. : _bfot. col., il. ; _c27 cm. |
||
| 490 | 0 | _aHuellas | |
| 500 | _aIncluye bibliografía y enlaces. | ||
| 020 | _a9789500113540 | ||
| 100 | 1 | _aTaddei, Federico. | |
| 700 | 1 | _aSobico, Cecilia. | |
| 700 | 1 | _aRighini, Raúl. | |
| 700 | 1 |
_aTaddei, Federico, _ecoordinador. |
|
| 080 | _a53:373.5 | ||
| 084 | _aT12 | ||
| 653 | _aFísica | ||
| 653 | _aEnseñanza de la física | ||
| 653 | _aSistemas físicos | ||
| 653 | _aTipos de energía | ||
| 653 | _aEnergía cinética | ||
| 653 | _aEnergías potenciales | ||
| 653 | _aEnergía radiante | ||
| 653 | _aEnergía térmica | ||
| 653 | _aPotencia | ||
| 653 | _aRecursos energéticos | ||
| 653 | _aSustentabilidad | ||
| 653 | _aPoleas | ||
| 653 | _aMegaminería | ||
| 653 | _aEnergía nuclear | ||
| 653 | _aEnergía solar | ||
| 653 | _aRadiactividad | ||
| 653 | _aNúmero atómico | ||
| 653 | _aNúmero másico | ||
| 653 | _aIsótopos | ||
| 653 | _aResiduos nucleares | ||
| 653 | _aEnergía no renovable | ||
| 653 | _aEnergía eólica | ||
| 653 | _aEnergía hidráulica | ||
| 653 | _aCentrales hidroeléctricas | ||
| 653 | _aEnergía geotérmica | ||
| 653 | _aBioenergía | ||
| 653 | _aAgrocombustibles | ||
| 653 | _aEnergía eléctrica | ||
| 653 | _aElectricidad | ||
| 653 | _aCorriente eléctrica | ||
| 653 | _aResistencia eléctrica | ||
| 653 | _aLey de Ohm | ||
| 653 | _aPotencia eléctrica | ||
| 653 | _aMagnetismo | ||
| 653 | _aCampo magnético | ||
| 653 | _aCentrales eléctricas | ||
| 653 | _aProcesos térmicos | ||
| 653 | _aTemperatura | ||
| 653 | _aCalor | ||
| 653 | _aRadiación | ||
| 653 | _aEfecto invernadero | ||
| 653 | _aTeoría del calórico | ||
| 653 | _aTeoría cinética | ||
| 653 | _aSensación térmica | ||
| 653 | _aTermodinámica | ||
| 653 | _aSustentabilidad | ||
| 040 |
_aAR-ClEAG _cAR-ClEAG |
||
| 005 | 20241107184733.0 | ||
| 003 | AR-ClEAG | ||
| 942 | _cBK | ||
| 999 |
_c2103 _d2103 |
||
| 980 |
_62 _aEvangelina Gallicchio _82 _gEvangelina Gallicchio |
||